Designing and managing the supply chain: concepts, strategies, and case studies.
Saved in:
| Hovedforfatter: | |
|---|---|
| Andre forfattere: | , |
| Format: | Bog |
| Sprog: | engelsk |
| Udgivet: |
New York, USA
McGraw-Hill-Irwin
2003
|
| Udgivelse: | Segunda edición |
| Serier: | The McGraw-Hill Irwin Series in Operations and Decision Sciences
|
| Fag: | |
| Tags: |
Tilføj Tag
Ingen Tags, Vær først til at tagge denne postø!
|
MARC
| LEADER | 00000nam a2200000 a 4500 | ||
|---|---|---|---|
| 001 | UCK9393 | ||
| 003 | CL-VaPUC | ||
| 005 | 20230905074222.0 | ||
| 008 | 060512e20030000US |||||||||||||||||eng|d | ||
| 999 | |c 316600 |d 316598 | ||
| 020 | |a 0072492562 | ||
| 040 | |c Pontificia Universidad Católica de Valparaíso | ||
| 082 | 0 | 4 | |a 658.5 SIM 2003 |2 21 |
| 100 | |a Simchi-Levi, David |9 527569 | ||
| 245 | 1 | 0 | |a Designing and managing the supply chain: concepts, strategies, and case studies. |
| 250 | |a Segunda edición | ||
| 260 | 0 | 3 | |a New York, USA |b McGraw-Hill-Irwin |c 2003 |
| 300 | |a 354 páginas | ||
| 490 | 0 | |a The McGraw-Hill Irwin Series in Operations and Decision Sciences | |
| 583 | |a last modification |c 20060512 00:00:00 |k Rodrigo Vera | ||
| 650 | 0 | |a Gestión de la producción |9 259467 | |
| 650 | 0 | |a Administración de empresas |9 260833 | |
| 650 | 0 | |a Marketing |9 259324 | |
| 650 | 7 | |a LOGISTICA |2 CL-VaPUC |9 485423 | |
| 650 | 0 | |a Abastecimiento |9 443339 | |
| 650 | 0 | |a Cadena de abastecimiento |9 455793 | |
| 700 | 0 | |a Kaminsky, Philip |9 499152 | |
| 700 | 0 | |a Simchi-Levi, Edith |9 499153 | |
| 942 | |c BK |2 ddc | ||
| 945 | |d 20060512 00:00:00 |a cmena | ||
| 952 | |0 0 |1 0 |2 ddc |4 0 |6 658_500000000000000_SIM_2003 |7 0 |8 A |9 391128 |a BIBING |b BIBING |d 2019-11-22 |i 4228650 |o 658.5 SIM 2003 |p 4228650 |r 2025-01-20 |t 1 |w 2019-11-22 |y BK |k TRA | ||